| 000 | 00712nab#a2200241#c#4500 | ||
|---|---|---|---|
| 999 |
_c87676 _d87676 |
||
| 003 | IEF | ||
| 005 | 20191203180119.0 | ||
| 008 | 950704s1976 ESP|| #####0 b|SPA|u | ||
| 040 |
_aIEF _cES-MaIEF |
||
| 041 | _aSPA | ||
| 100 | 1 |
_aBaumol, William Jack _94228 |
|
| 245 |
_aDesviaciones óptimas de la fijación de precios según el coste marginal _c William J. Baumol y David F. Bradford |
||
| 260 | _c1976 | ||
| 500 | _aConclusiones,Bibliografía | ||
| 650 | 4 |
_aPRECIOS _948092 |
|
| 650 | 4 |
_aPOLITICA ECONOMICA _948066 |
|
| 650 | 4 |
_aIMPUESTOS _947460 |
|
| 700 | 1 |
_aBradford, David F. _97101 |
|
| 773 | 0 |
_tHacienda pública española _w34570 _g41, p. 277-293 |
|
| 942 | _2udc | ||
| 942 | _2udc | ||